[Event "116th YMCA Winter-A"]
[Site "Warszawa"]
[Date "2013.02.25"]
[Round "6"]
[White "Zaczek, Jonathon"]
[Black "Liberadzki, Slawomir"]
[Result "0-1"]
[WhiteElo "2100"]
[BlackElo "2104"]
[PlyCount "56"]
[EventDate "2013.01.09"]
[EventType "tourn"]
[EventRounds "1"]
[EventCountry "POL"]
[SourceDate "2013.01.07"]

1. e4 c5 2. Nf3 e6 3. d4 cxd4 4. Nxd4 Nc6 5. Nb5 d6 6. c4 a6 7. N5c3 Nf6 8. Be2
Be7 9. O-O b6 10. Be3 Bb7 11. f3 O-O 12. Na3 Re8 13. Kh1 d5 14. exd5 exd5 15.
Bg1 dxc4 16. Nxc4 b5 17. Nb6 Qxd1 18. Rfxd1 Rad8 19. Rxd8 Bxd8 20. Bf1 Ne5 21.
Rd1 Nxf3 22. Bc5 Bc7 23. Ncd5 Nxd5 24. Nxd5 Bxd5 25. Rxd5 Nxh2 26. Bd3 Re1+ 27.
Bg1 Ng4 28. g3 Bb6 0-1

[Event "116th YMCA Winter-A"]
[Site "Warszawa"]
[Date "2013.02.14"]
[Round "6"]
[White "Choroszej, Aleksander"]
[Black "Kielar, Maciej"]
[Result "1-0"]
[WhiteElo "2097"]
[BlackElo "2106"]
[PlyCount "61"]
[EventDate "2013.01.09"]
[EventType "tourn"]
[EventRounds "1"]
[EventCountry "POL"]
[SourceDate "2013.01.07"]

1. d4 Nf6 2. c4 g6 3. Nc3 Bg7 4. e4 d6 5. f4 O-O 6. Nf3 c5 7. d5 Bg4 8. Be2 e6
9. O-O exd5 10. cxd5 Nbd7 11. h3 Bxf3 12. Bxf3 Qa5 13. g4 b5 14. g5 Ne8 15. h4
c4 16. Be3 Nc5 17. Bxc5 Bxc3 18. bxc3 dxc5 19. Qc2 Nd6 20. Bg4 Rad8 21. e5 Nc8
22. d6 Nb6 23. Rad1 Rfe8 24. h5 Qa4 25. Qe4 Kg7 26. h6+ Kg8 27. e6 b4 28. f5
fxe6 29. fxg6 Qc2 30. Bxe6+ Kh8 31. g7# 1-0

[Event "116th YMCA Winter-A"]
[Site "Warszawa"]
[Date "2013.02.14"]
[Round "6"]
[White "Szymczak, Rafal"]
[Black "Goslawski, Michal"]
[Result "1/2-1/2"]
[WhiteElo "2067"]
[BlackElo "2131"]
[Annotator "Admin"]
[PlyCount "24"]
[EventDate "2013.01.09"]
[EventType "tourn"]
[EventRounds "1"]
[EventCountry "POL"]
[SourceDate "2013.01.07"]

1. f4 c5 2. Nf3 Nc6 3. g3 g6 4. Bg2 Bg7 5. O-O Nf6 6. d3 d5 7. Nc3 d4 8. Na4
Qd6 9. e4 e5 10. fxe5 Nxe5 11. Nxe5 Qxe5 12. b3 O-O $11 1/2-1/2

[Event "116th YMCA Winter-A"]
[Site "Warszawa"]
[Date "2013.02.20"]
[Round "7"]
[White "Szewczyk, Mariusz"]
[Black "Delega, Tomasz"]
[Result "0-1"]
[WhiteElo "2074"]
[BlackElo "2129"]
[PlyCount "70"]
[EventDate "2013.01.09"]
[EventType "tourn"]
[EventRounds "1"]
[EventCountry "POL"]
[SourceDate "2013.01.07"]

1. e4 Nf6 2. Nc3 d5 3. exd5 Nxd5 4. d4 Nxc3 5. bxc3 g6 6. Nf3 Bg7 7. Bc4 O-O 8.
O-O c5 9. Rb1 Qc7 10. Qe2 Bg4 11. Bd5 Nc6 12. Be3 Rad8 13. Bxc6 Qxc6 14. h3
cxd4 15. cxd4 Be6 16. Qb5 Qxc2 17. Qxb7 Bd5 18. Qxe7 Bxf3 19. gxf3 Qxa2 20. Ra1
Qe2 21. Qe4 Rfe8 22. Qf4 a6 23. Rfe1 Qc4 24. Rec1 Qe6 25. Kg2 Rd5 26. Qe4 Qd7
27. Rc7 Qd8 28. Qc2 Bxd4 29. Bxd4 Rxd4 30. Rxa6 Qg5+ 31. Kh2 Re1 32. Ra8+ Kg7
33. Rxf7+ Kxf7 34. Qc7+ Qe7 35. Qc8 Qe5+ 0-1

[Event "116th YMCA Winter-A"]
[Site "Warszawa"]
[Date "2013.03.15"]
[Round "7"]
[White "Goslawski, Michal"]
[Black "Sanz Losada, Victoriano"]
[Result "1/2-1/2"]
[WhiteElo "2131"]
[BlackElo "2093"]
[PlyCount "79"]
[EventDate "2013.01.09"]
[EventType "tourn"]
[EventRounds "1"]
[EventCountry "POL"]
[SourceDate "2013.01.07"]

1. e4 e6 2. d4 d5 3. Nc3 Nf6 4. e5 Nfd7 5. Nce2 c5 6. c3 Nc6 7. Nf3 Qb6 8. a3
f6 9. Nf4 cxd4 10. cxd4 fxe5 11. Nxe6 e4 12. Nfg5 Nf6 13. Be2 Bxe6 14. Nxe6 Kf7
15. Ng5+ Kg8 16. Be3 Bd6 17. b4 Re8 18. O-O Nd8 19. Rc1 Nf7 20. Nxf7 Kxf7 21.
Bh5+ g6 22. Be2 Kg7 23. Qd2 h6 24. Rc2 Qd8 25. Rfc1 Qb8 26. h3 g5 27. Qd1 Kg6
28. Qd2 Kg7 29. a4 Kg6 30. a5 Rc8 31. b5 Ba3 32. Ra1 Rxc2 33. Qxc2 Rc8 34. Qb3
Be7 35. a6 b6 36. Qd1 Bd6 37. Bg4 Rc4 38. Be2 Rc8 39. Bg4 Rc4 40. Be2 1/2-1/2

[Event "116th YMCA Winter-A"]
[Site "Warszawa"]
[Date "2013.02.21"]
[Round "7"]
[White "Kielar, Maciej"]
[Black "Szymczak, Rafal"]
[Result "1/2-1/2"]
[WhiteElo "2106"]
[BlackElo "2067"]
[Annotator "Admin"]
[PlyCount "52"]
[EventDate "2013.01.09"]
[EventType "tourn"]
[EventRounds "1"]
[EventCountry "POL"]
[SourceDate "2013.01.07"]

1. e4 d5 2. exd5 Qxd5 3. Nc3 Qa5 4. d4 c6 5. Nf3 Nf6 6. Bc4 Bf5 7. Ne5 e6 8. g4
Bg6 9. Qe2 Nbd7 10. Nxd7 Kxd7 11. Bd2 Qc7 12. O-O-O Bd6 13. h4 h6 14. Qf3 h5
15. g5 Nd5 16. Bd3 Nxc3 17. Bxc3 Bf4+ 18. Bd2 Bxd2+ 19. Rxd2 Rhf8 20. Bxg6 fxg6
21. Qe4 Rf5 22. Re2 Qf4+ 23. Qe3 $11 Qxe3+ 24. fxe3 Raf8 25. Kd2 Rf1 26. Rhh2
b5 $11 1/2-1/2

[Event "116th YMCA Winter-A"]
[Site "Warszawa"]
[Date "2013.02.18"]
[Round "7"]
[White "Luksik, Mateusz"]
[Black "Zaczek, Jonathon"]
[Result "1-0"]
[WhiteElo "2099"]
[BlackElo "2100"]
[PlyCount "27"]
[EventDate "2013.01.09"]
[EventType "tourn"]
[EventRounds "1"]
[EventCountry "POL"]
[SourceDate "2013.01.07"]

1. d4 Nf6 2. c4 g6 3. f3 c5 4. d5 d6 5. e4 Bg7 6. Nc3 O-O 7. Bg5 e6 8. Qd2 exd5
9. cxd5 h6 10. Bxh6 Nxe4 11. Nxe4 Qh4+ 12. g3 Bxh6 13. gxh4 Bxd2+ 14. Kxd2 1-0

[Event "116th YMCA Winter-A"]
[Site "Warszawa"]
[Date "2013.02.27"]
[Round "8"]
[White "Delega, Tomasz"]
[Black "Zaczek, Jonathon"]
[Result "1/2-1/2"]
[WhiteElo "2129"]
[BlackElo "2100"]
[PlyCount "118"]
[EventDate "2013.01.09"]
[EventType "tourn"]
[EventRounds "1"]
[EventCountry "POL"]
[SourceDate "2013.01.07"]

1. d4 Nf6 2. Nc3 d5 3. Bg5 Nbd7 4. Qd3 c5 5. dxc5 e6 6. e4 Nxc5 7. Qd4 Ncxe4 8.
Nxe4 dxe4 9. Bxf6 gxf6 10. Qxe4 Qa5+ 11. c3 Qe5 12. Qxe5 fxe5 13. Nf3 f6 14.
Bb5+ Ke7 15. O-O-O Bg7 16. Rhe1 a6 17. Ba4 b5 18. Bc2 Bb7 19. Be4 Bxe4 20. Rxe4
Rad8 21. Rxd8 Rxd8 22. Rh4 h6 23. a4 Kd6 24. axb5 axb5 25. Rg4 Rd7 26. Kc2 f5
27. Rg6 Kd5 28. Nd2 e4 29. g4 f4 30. h4 Ke5 31. h5 e3 32. fxe3 fxe3 33. Nf3+
Kf4 34. Ne1 e5 35. g5 e4 36. gxh6 Be5 37. Rg8 Rd2+ 38. Kc1 Rh2 39. Rf8+ Kg3 40.
Rf5 Bh8 41. h7 Rh1 42. Kd1 b4 43. Rg5+ Kf2 44. Rg2+ Kf1 45. Re2 Rxh5 46. Rxe3
bxc3 47. bxc3 Rxh7 48. Rxe4 Bxc3 49. Rf4+ Kg1 50. Nd3 Kg2 51. Rf2+ Kg3 52. Rf1
Ra7 53. Kc2 Bd4 54. Nc1 Re7 55. Kd3 Bf2 56. Ne2+ Kf3 57. Nd4+ Kg2 58. Rb1 Re3+
59. Kc4 Re4 1/2-1/2

[Event "116th YMCA Winter-A"]
[Site "Warszawa"]
[Date "2013.02.28"]
[Round "8"]
[White "Choroszej, Aleksander"]
[Black "Liberadzki, Slawomir"]
[Result "1-0"]
[WhiteElo "2097"]
[BlackElo "2104"]
[PlyCount "97"]
[EventDate "2013.01.09"]
[EventType "tourn"]
[EventRounds "1"]
[EventCountry "POL"]
[SourceDate "2013.01.07"]

1. d4 d5 2. c4 e6 3. Nc3 Nf6 4. Nf3 c5 5. cxd5 Nxd5 6. e4 Nxc3 7. bxc3 cxd4 8.
cxd4 Bb4+ 9. Bd2 Qa5 10. Rb1 Bxd2+ 11. Qxd2 Nc6 12. Bb5 Qxd2+ 13. Kxd2 Bd7 14.
d5 Nd8 15. dxe6 fxe6 16. Bxd7+ Kxd7 17. Rhc1 Rf8 18. Ke3 a5 19. Ne5+ Kd6 20.
Nc4+ Ke7 21. Nb6 Ra6 22. Rc7+ Kd6 23. Rxg7 Rf7 24. Rxf7 Nxf7 25. Nc4+ Kc6 26.
a4 Kc5 27. Kd3 Nd6 28. Nxd6 Rxd6+ 29. Kc3 b6 30. Rb5+ Kc6 31. Rh5 Rd7 32. f4
Rd1 33. Rh6 Rc1+ 34. Kd4 Ra1 35. Rxe6+ Kc7 36. f5 Rxa4+ 37. Kd5 b5 38. f6 Ra2
39. Re5 Kd7 40. Re7+ Kd8 41. Ke6 Rxg2 42. Ra7 a4 43. f7 Rf2 44. Rb7 a3 45. Rxb5
Rf4 46. Rf5 Rxe4+ 47. Kd5 Re8 48. fxe8=Q+ Kxe8 49. Rf2 1-0

[Event "116th YMCA Winter-A"]
[Site "Warszawa"]
[Date "2013.02.20"]
[Round "8"]
[White "Szymczak, Rafal"]
[Black "Jarmula, Lukasz"]
[Result "1/2-1/2"]
[WhiteElo "2067"]
[BlackElo "2164"]
[Annotator "Admin"]
[PlyCount "60"]
[EventDate "2013.01.09"]
[EventType "tourn"]
[EventRounds "1"]
[EventCountry "POL"]
[SourceDate "2013.01.07"]

1. f4 Nf6 2. Nf3 g6 3. g3 Bg7 4. Bg2 O-O 5. O-O d5 6. d3 c5 7. Nc3 d4 8. Ne4
Nxe4 9. dxe4 Qb6 10. e3 Rd8 11. Qe2 Qa6 12. Qxa6 Nxa6 13. exd4 cxd4 14. Bd2 b6
15. e5 Bb7 16. c3 dxc3 17. Bxc3 Nc5 18. Bb4 Bf8 19. Bxc5 bxc5 20. b3 a5 21. Ng5
Bxg2 22. Kxg2 a4 23. Rfd1 e6 24. Rxd8 Rxd8 25. Ne4 Be7 26. Rc1 Rd3 27. bxa4 Ra3
28. Nxc5 Rxa2+ 29. Kh3 Bxc5 30. Rxc5 Rxa4 $11 1/2-1/2

[Event "116th YMCA Winter-A"]
[Site "Warszawa"]
[Date "2013.02.26"]
[Round "8"]
[White "Sanz Losada, Victoriano"]
[Black "Kielar, Maciej"]
[Result "0-1"]
[WhiteElo "2093"]
[BlackElo "2106"]
[PlyCount "56"]
[EventDate "2013.01.09"]
[EventType "tourn"]
[EventRounds "1"]
[EventCountry "POL"]
[SourceDate "2013.01.07"]

1. d4 Nf6 2. c4 g6 3. f3 Bg7 4. e4 d6 5. Nc3 O-O 6. Be3 Nc6 7. Qd2 a6 8. O-O-O
Rb8 9. h4 Bd7 10. h5 Nxh5 11. Nge2 e5 12. g4 Nf4 13. d5 Na5 14. Nxf4 exf4 15.
Bxf4 b5 16. Qh2 h5 17. gxh5 bxc4 18. e5 Bf5 19. hxg6 Bxg6 20. e6 Bxc3 21. bxc3
Rb1+ 22. Kd2 Rb2+ 23. Ke3 Rxh2 24. Rxh2 fxe6 25. Bh3 Rxf4 26. Kxf4 Qf6+ 27. Kg3
Qe5+ 28. f4 Qe3+ 0-1

[Event "116th YMCA Winter-A"]
[Site "Warszawa"]
[Date "2013.03.13"]
[Round "9"]
[White "Goslawski, Michal"]
[Black "Delega, Tomasz"]
[Result "1-0"]
[WhiteElo "2131"]
[BlackElo "2129"]
[PlyCount "57"]
[EventDate "2013.01.09"]
[EventType "tourn"]
[EventRounds "1"]
[EventCountry "POL"]
[SourceDate "2013.01.07"]

1. e4 Nf6 2. e5 Nd5 3. d4 d6 4. Nf3 Bg4 5. Be2 Nc6 6. O-O dxe5 7. dxe5 e6 8. c4
Ndb4 9. Qa4 Be7 10. Rd1 Qc8 11. a3 Na6 12. b4 O-O 13. Bb2 f6 14. exf6 Bxf6 15.
Bxf6 Rxf6 16. Nbd2 Bxf3 17. Nxf3 Nab8 18. Rd2 Nd7 19. Rad1 Nde5 20. Nxe5 Nxe5
21. Qa5 Nf7 22. Rd7 b6 23. Qb5 c6 24. Qh5 Qf8 25. Bd3 Rh6 26. Qe2 a5 27. b5
cxb5 28. cxb5 Qxa3 29. Rxf7 1-0

[Event "116th YMCA Winter-A"]
[Site "Warszawa"]
[Date "2013.03.07"]
[Round "9"]
[White "Liberadzki, Slawomir"]
[Black "Szymczak, Rafal"]
[Result "1/2-1/2"]
[WhiteElo "2104"]
[BlackElo "2067"]
[Annotator "Admin"]
[PlyCount "73"]
[EventDate "2013.01.09"]
[EventType "tourn"]
[EventRounds "1"]
[EventCountry "POL"]
[SourceDate "2013.01.07"]

1. c4 e5 2. Nc3 Nc6 3. g3 f5 4. Bg2 Nf6 5. d3 g6 6. Nf3 Bg7 7. O-O O-O 8. Rb1
Qe7 9. Bg5 d6 10. Nd5 Qf7 11. Bxf6 Bxf6 12. Nxf6+ Qxf6 13. b4 Ne7 14. a4 c6 15.
b5 Bd7 $11 16. Nd2 d5 17. Nb3 Rad8 18. Qe1 b6 19. bxc6 Bxc6 20. Qb4 Qd6 21. c5
bxc5 22. Nxc5 Ba8 23. Nb7 Qxb4 24. Rxb4 Rb8 25. Rfb1 Rfc8 26. a5 Rxb7 27. Rxb7
Bxb7 28. Rxb7 Rc1+ 29. Bf1 Nc6 30. Rc7 a6 31. e3 d4 32. exd4 exd4 33. Kg2 Rc3
34. Be2 Nxa5 35. Rd7 Nb3 36. Bf3 Rxd3 37. Bd5+ $11 1/2-1/2

[Event "116th YMCA Winter-A"]
[Site "Warszawa"]
[Date "2013.03.11"]
[Round "10"]
[White "Szymczak, Rafal"]
[Black "Luksik, Mateusz"]
[Result "1-0"]
[WhiteElo "2067"]
[BlackElo "2099"]
[PlyCount "133"]
[EventDate "2013.01.09"]
[EventType "tourn"]
[EventRounds "1"]
[EventCountry "POL"]
[SourceDate "2013.01.07"]

1. f4 Nf6 2. Nf3 g6 3. g3 Bg7 4. Bg2 O-O 5. O-O d5 6. d3 c5 7. c3 Nc6 8. Na3
Qb6 9. Kh1 Rd8 10. Qe1 Bg4 11. e4 Bxf3 12. Bxf3 e5 13. exd5 Nxd5 14. Nc4 Qc7
15. fxe5 Nxe5 16. Nxe5 Bxe5 17. Qf2 Bg7 18. Bg5 f6 19. Be3 Nxe3 20. Qxe3 Re8
21. Bd5+ Kh8 22. Qf3 Re5 23. Rae1 Rae8 24. Rxe5 Rxe5 25. c4 b6 26. g4 Qe7 27.
Be4 Qd7 28. b3 Rg5 29. Bf5 gxf5 30. Qa8+ Bf8 31. Qxf8+ Rg8 32. Qxf6+ Rg7 33.
Qxf5 Qxf5 34. gxf5 Rd7 35. Rf3 Kg7 36. Kg2 Kf6 37. Kf2 Rd4 38. Ke3 Rh4 39. h3
a6 40. a3 a5 41. Kd2 Rd4 42. Kc3 Rh4 43. b4 a4 44. bxc5 bxc5 45. Kd2 Rd4 46.
Ke2 Rd8 47. Ke3 Re8+ 48. Kf4 Re5 49. d4 cxd4 50. Rd3 Rxf5+ 51. Ke4 Rh5 52. Kxd4
Ke6 53. Kc3 Rh4 54. Kb4 Ke7 55. Kb5 Rf4 56. c5 Rf5 57. Kb6 Rf1 58. Kc7 Rb1 59.
Re3+ Kf7 60. Re4 Rb3 61. Rxa4 Rxh3 62. c6 h5 63. Kc8 Ke6 64. c7 Rb3 65. Kd8
Rd3+ 66. Ke8 Rc3 67. Ra6+ 1-0

[Event "116th YMCA Winter-A"]
[Site "Warszawa"]
[Date "2013.03.14"]
[Round "10"]
[White "Goslawski, Michal"]
[Black "Kielar, Maciej"]
[Result "1/2-1/2"]
[WhiteElo "2131"]
[BlackElo "2106"]
[Annotator "Admin"]
[PlyCount "89"]
[EventDate "2013.01.09"]
[EventType "tourn"]
[EventRounds "1"]
[EventCountry "POL"]
[SourceDate "2013.01.07"]

1. Nf3 g6 2. c4 Bg7 3. Nc3 e5 4. g3 c5 5. Bg2 Nc6 6. O-O d6 7. d3 Nge7 8. a3
O-O 9. Rb1 a5 10. Bg5 f6 11. Bd2 Be6 12. Ne1 d5 13. cxd5 Nxd5 14. Qb3 Nd4 15.
Bxd5 Nxb3 16. Bxe6+ Kh8 17. Bxb3 f5 18. Nf3 h6 19. Bd5 Rb8 20. Be3 Qd6 21. Bc4
b6 22. b4 cxb4 23. axb4 Rfc8 24. Nb5 Qd7 25. Bd2 e4 26. Nfd4 Bxd4 27. Nxd4 Qxd4
28. Rfc1 Kh7 29. Bf4 exd3 30. exd3 Ra8 31. bxa5 Rxa5 32. Be3 Qd7 33. Rxb6 Re5
34. Rcb1 Re7 35. h4 Qe8 36. Bb5 Qd8 37. Bc4 Qh8 $11 38. h5 g5 39. Rg6 Rb8 40.
Rxb8 Qxb8 41. Bd4 Qa8 42. Kh2 Qb8 43. Kg1 Qa8 44. Kh2 Qb8 45. Kg1 1/2-1/2

[Event "116th YMCA Winter-A"]
[Site "Warszawa"]
[Date "2013.03.21"]
[Round "11"]
[White "Kielar, Maciej"]
[Black "Delega, Tomasz"]
[Result "1-0"]
[WhiteElo "2106"]
[BlackElo "2129"]
[PlyCount "49"]
[EventDate "2013.01.09"]
[EventType "tourn"]
[EventRounds "1"]
[EventCountry "POL"]
[SourceDate "2013.01.07"]

1. e4 e6 2. d4 d5 3. Nd2 Nf6 4. e5 Nfd7 5. f4 c5 6. c3 Nc6 7. Ndf3 Be7 8. Bd3
Qb6 9. Ne2 cxd4 10. cxd4 f6 11. exf6 Bxf6 12. b3 O-O 13. Bb2 a5 14. a3 Ne7 15.
g4 g6 16. h4 Bg7 17. h5 gxh5 18. Qc2 hxg4 19. Bxh7+ Kf7 20. Ng5+ Ke8 21. Bg6+
Kd8 22. Rh7 Bf6 23. Nf7+ Ke8 24. Rc1 Nc6 25. Ng5+ 1-0

[Event "116th YMCA Winter-A"]
[Site "Warszawa"]
[Date "2013.03.19"]
[Round "11"]
[White "Luksik, Mateusz"]
[Black "Sanz Losada, Victoriano"]
[Result "0-1"]
[WhiteElo "2099"]
[BlackElo "2093"]
[PlyCount "76"]
[EventDate "2013.01.09"]
[EventType "tourn"]
[EventRounds "1"]
[EventCountry "POL"]
[SourceDate "2013.01.07"]

1. e4 e6 2. d4 d5 3. e5 c5 4. c3 Nc6 5. Nf3 Qb6 6. Be2 Bd7 7. dxc5 Bxc5 8. O-O
f6 9. b4 Be7 10. Be3 Qc7 11. exf6 Bxf6 12. Na3 a6 13. Rc1 b5 14. Nd4 Nge7 15.
Bg4 Nd8 16. f4 O-O 17. Qd3 Re8 18. Nf3 Ndc6 19. Nc2 Ng6 20. g3 Nf8 21. Bc5 Be7
22. Bxe7 Nxe7 23. Ncd4 Neg6 24. Bh5 e5 25. fxe5 Nxe5 26. Nxe5 Rxe5 27. Bf7+ Kh8
28. Nf3 Rf5 29. Nh4 Rxf1+ 30. Rxf1 Bh3 31. Rf4 d4 32. Bd5 Re8 33. Re4 Rxe4 34.
Qxe4 dxc3 35. Ng6+ hxg6 36. Qh4+ Nh7 37. Qe4 Qb6+ 38. Kh1 Qf6 0-1

[Event "116th YMCA Winter-A"]
[Site "Warszawa"]
[Date "2013.03.06"]
[Round "11"]
[White "Zaczek, Jonathon"]
[Black "Szymczak, Rafal"]
[Result "1/2-1/2"]
[WhiteElo "2100"]
[BlackElo "2067"]
[Annotator "Admin"]
[PlyCount "106"]
[EventDate "2013.01.09"]
[EventType "tourn"]
[EventRounds "1"]
[EventCountry "POL"]
[SourceDate "2013.01.07"]

1. e4 d5 2. exd5 Qxd5 3. Nc3 Qa5 4. d4 Nf6 5. Bd2 c6 6. Bd3 Qc7 7. Nge2 e6 8.
Ng3 Nbd7 9. Qe2 b6 10. O-O-O Bb7 11. Rhe1 O-O-O 12. Ba6 Bd6 13. Nge4 Bf4 14.
Bxb7+ Kxb7 15. g3 Bxd2+ 16. Rxd2 h6 17. Red1 Nd5 18. Rd3 Rhe8 19. f4 N7f6 20.
Nxf6 Nxf6 21. Kb1 Rd7 22. Ne4 Nxe4 23. Qxe4 g6 24. d5 cxd5 25. Rxd5 Rxd5 26.
Rxd5 Kb8 27. Rd4 Rd8 28. Qd3 Rxd4 29. Qxd4 h5 30. b3 Kc8 $11 31. Kb2 Qc6 32.
Qf6 Qd7 33. a4 a5 34. h3 Kb7 35. g4 hxg4 36. hxg4 Kc6 37. g5 Kb7 38. Kc3 Qc6+
39. Kd3 Qf3+ 40. Kd2 Qd5+ 41. Kc3 Qc6+ 42. Kb2 Qd7 43. Qe5 Qd2 44. Qf6 Qd7 45.
Qg7 Ka6 46. Qe5 Kb7 47. Qe4+ Qc6 48. Qd4 Qc7 49. Kc1 Qc6 50. Kd2 Qg2+ 51. Kc3
Qf3+ 52. Kb2 Qc6 53. Qe5 Qd7 1/2-1/2